Príprava hroznového muštu na kvasenie, predpoklad dobrého vína

Bibliographic Details
Main Author: Žembery, Alexander (Author)
Format: Article
Language:Slovak
PhysicalDescription:Tb. 3.
Subjects:

MARC

LEADER 00000nab a2200000 a 4500
001 vtls000437109
003 SK-MaSNL
005 20260302233547.0
008 120926c1991 xo 0 slo
015 |a SNBRB19rr/mm-uuuuu 
035 |a CL0437237 
040 |a SNKBUCL  |b slo  |c SNKBUCL  |e AACR2 
041 0 |a slo 
044 |a xo  |c SK 
080 |a 663.252.2/.3  |2 1981 
080 |a 634.8.077  |2 1981 
100 1 |a Žembery, Alexander  |4 aut  |9 855526 
245 1 0 |a Príprava hroznového muštu na kvasenie, predpoklad dobrého vína  |c Alexander Žembery 
300 |b Tb. 3. 
650 0 7 |a mušt hroznový  |2 snkbucl  |9 901897 
655 7 |a články z novín a časopisov  |2 snkbucl  |9 267496 
773 0 |t Informácie Ministerstva poľnohospodárstva a výživy Slovenskej republiky  |g Roč. 19, č. 19 (1991), s. 20-23 
850 |a Slovenská národná knižnica v Martine  |a MTA001 
852 |a SNK  |b KIS3GCP 
958 |a RK 
992 |a RBX 
999 |c 1546972  |d 1548902